000 00623nam a2200205Ia 4500
005 20250508152706.0
008 008 250505s9999 xx 000 0 eng d
037 _aTextual
040 _aFEDL
_beng
_cFEDL
041 _aeng
_2eng
084 _a155.4, DAV
_qFEDL
100 _aDavis Jed H.
_9762157
245 0 _aChildren's cheatre: Play production for the chold audience
260 _aNew York, USA
_bHarper and Brothers Publishers
_c1960
300 _axiv,416p
650 _aChild psychology
700 _a Watking Mary Jane Larson
_9762158
942 _cTEXL
_h155.4, DAV
999 _c1338091
_d1338091